Prostorové plánování v Nizozemsku - zkušenost pro ČSFR.

Plánovanie jestvuje vo všetkých vyspelých štátoch. Najdokonalejší plánovací systém v západných krajinách - holandský systém. Holandsko má trojstupňovú hierarchiu: centrum - 12 provincií - 714 obcí. Stručný prehľad vývoja plánovacieho systému. Priestorové plánovanie, jeho tri stupne - celoštátny, pro...

Descripción completa

Guardado en:
Detalles Bibliográficos
Autor principal: Gajda, M.
Formato: Capítulo de libro
Lenguaje:checo
Materias:
Etiquetas: Agregar Etiqueta
Sin Etiquetas, Sea el primero en etiquetar este registro!

MARC

LEADER 00000naa a2200000 4500
001 r004904
005 20221125080658.8
041 0 |a cze 
044 |a [CS] 
245 1 0 |a Prostorové plánování v Nizozemsku - zkušenost pro ČSFR.  |c M. Gajda 
520 |a Plánovanie jestvuje vo všetkých vyspelých štátoch. Najdokonalejší plánovací systém v západných krajinách - holandský systém. Holandsko má trojstupňovú hierarchiu: centrum - 12 provincií - 714 obcí. Stručný prehľad vývoja plánovacieho systému. Priestorové plánovanie, jeho tri stupne - celoštátny, provinciálny a miestny. Nástroje priestorového plánovania. Možnosť aplikácie holandských skúseností. 
610 2 0 |a plánovanie regionálne 
610 2 0 |a Holandsko 
610 2 0 |a nástroje plánovania 
610 2 0 |a ekonomika priestorová 
610 2 0 |a ekonomika regionálna 
100 1 |a Gajda, M.